| 000 | 00523 a2200145 4500 | ||
|---|---|---|---|
| 020 | _a5283014908 | ||
| 920 | _a5-283-01490-8 | ||
| 100 | 1 |
_aDomnin, S. B.. _eAutor |
|
| 700 | 1 |
_aIvanov, E. A.. _eAutor |
|
| 700 | 1 |
_aMurenko, L. L.. _eAutor |
|
| 700 | 1 |
_aDomracev, V. G.. _eRedaktor |
|
| 245 | 0 |
_aSredstva kompleksnoj otladki mikroprocessornych ustrojstv / _cDomnin S. B., Ivanov E. A., Murenko L. L., Domracev V. G.. |
|
| 710 | 2 |
_aEnergoatomizdat. _eWydawca _4pbl |
|
| 260 |
_aMoskva : _bEnergoatomizdat, _c1988. |
||
| 300 |
_a144 s.: _bil.; _c20 cm. |
||
| 999 |
_c5141 _d5141 |
||